Эхопраксия: роман; пер. с англ.
| Autor principal: | |
|---|---|
| Sumari: | XXI век подходит к концу. В этом мире монахи делают фундаментальные научные открытия, впадая в религиозный экстаз, люди объединяются в коллективные разумы, солдаты отключают самосознание ради эффективности на поле боя, генетически воскрешенные вампиры решают задачи, неподвластные простым смертным, а половина населения уже ушла на виртуальные Небеса. Четырнадцать лет назад, после того как множество разведывательных зондов пришельцев сгорело в земной атмосфере, на встречу с инопланетным разумом отправился корабль "Тезей" и сгинул где-то на краю Солнечной системы. О нем почти забыли. От него не было никаких вестей. До сих пор... Дэниэл Брюкс — самый обыкновенный человек без имплантатов и сверхспособностей. Уехав в пустыню после ошибки, ставшей причиной смерти нескольких тысяч людей, он хочет скрыться от цивилизации, но неожиданно попадает на поле боя постчеловеческой войны. Против своей воли он оказывается на корабле, который направляется к космической станции «"Икар", прямо в сердце Солнечной системы. Именно туда пришел странный сигнал, отправленный то ли "Тезеем", то ли самими пришельцами. Брюкс еще не знает, что всё не то, чем кажется, а каждый член экипажа хранит свою тайну, но вскоре им всем придется столкнуться с чем-то неведомым и очень страшным, став свидетелями самого фундаментального прорыва в человеческой эволюции со времен зарождения мысли. |
| Idioma: | rus |
| Publicat: |
Москва, АСТ, 2019
|
| Col·lecció: | Звезды научной фантастики |
| Matèries: | |
| Format: | MixedMaterials Llibre |
| KOHA link: | https://koha.lib.tpu.ru/cgi-bin/koha/opac-detail.pl?biblionumber=346763 |
MARC
| LEADER | 00000nam0a2200000 4500 | ||
|---|---|---|---|
| 001 | 346763 | ||
| 005 | 20231102005925.0 | ||
| 010 | |a 9785170893614 | ||
| 035 | |a (RuTPU)RU\TPU\book\378648 | ||
| 090 | |a 346763 | ||
| 100 | |a 20211116d2019 m y0rusy50 ca | ||
| 101 | 1 | |a rus |c eng | |
| 102 | |a RU | ||
| 105 | |a y z 000ay | ||
| 200 | 1 | |a Эхопраксия |e роман |e пер. с англ. |f П. Уоттс | |
| 210 | |a Москва |c АСТ |d 2019 | ||
| 215 | |a 478 с. | ||
| 225 | 1 | |a Звезды научной фантастики | |
| 330 | |a XXI век подходит к концу. В этом мире монахи делают фундаментальные научные открытия, впадая в религиозный экстаз, люди объединяются в коллективные разумы, солдаты отключают самосознание ради эффективности на поле боя, генетически воскрешенные вампиры решают задачи, неподвластные простым смертным, а половина населения уже ушла на виртуальные Небеса. Четырнадцать лет назад, после того как множество разведывательных зондов пришельцев сгорело в земной атмосфере, на встречу с инопланетным разумом отправился корабль "Тезей" и сгинул где-то на краю Солнечной системы. О нем почти забыли. От него не было никаких вестей. До сих пор... Дэниэл Брюкс — самый обыкновенный человек без имплантатов и сверхспособностей. Уехав в пустыню после ошибки, ставшей причиной смерти нескольких тысяч людей, он хочет скрыться от цивилизации, но неожиданно попадает на поле боя постчеловеческой войны. Против своей воли он оказывается на корабле, который направляется к космической станции «"Икар", прямо в сердце Солнечной системы. Именно туда пришел странный сигнал, отправленный то ли "Тезеем", то ли самими пришельцами. Брюкс еще не знает, что всё не то, чем кажется, а каждый член экипажа хранит свою тайну, но вскоре им всем придется столкнуться с чем-то неведомым и очень страшным, став свидетелями самого фундаментального прорыва в человеческой эволюции со времен зарождения мысли. | ||
| 488 | 1 | |0 (RuTPU)RU\TPU\book\378647 |y 978-5-17-091925-3 |t Ложная слепота |o роман |o пер. с англ. |f П. Уоттс |c Москва |n АСТ |d 2020 |p 509 с. |s Звезды научной фантастики |a Уоттс, Питер | |
| 606 | 1 | |a Американская литература (англо-язычная литература) |2 stltpush |3 (RuTPU)RU\TPU\subj\28887 |9 52349 | |
| 610 | 1 | |a художественная литература | |
| 610 | 1 | |a научная фантастика | |
| 610 | 1 | |a канадская литература | |
| 675 | |a 82 |v 4 | ||
| 700 | 1 | |a Уоттс |b П. |g Питер | |
| 801 | 1 | |a RU |b 63413507 |c 20211116 | |
| 801 | 2 | |a RU |b 63413507 |c 20211223 |g RCR | |
| 942 | |c BK | ||